Statistiken für Länder, die die Adria berühren

Klicken Sie hier um das Quiz zu spielen!

Allgemein

  • Dieses Quiz wurde 2.385 mal gespielt
  • Das Durchschnittsergebnis liegt bei 6 aus 6

Antwortstatistiken

Land% Korrekt
Italien
100%
Kroatien
98%
Albanien
95%
Bosnien und Herzegowina
94%
Slowenien
94%
Montenegro
91%

Verteilung der Resultate

Perzentil nach korrekt beantworteten Fragen

Anzahl Personen mit jedem Resultat

Ihre Resultats-Entwicklung

Sie haben dieses Quiz noch nicht gespielt